Quizzes
Events
Quiz Creation
Community
Videos
Private Events
Remove Ads
Sign In
Join for FREE
Feedback
Dark Mode
Quiz Categories
Sports
Geography
Music
Movies
Television
Just For Fun
Miscellaneous
History
Literature
Language
Science
Gaming
Entertainment
Religion
Holiday
For Kids
Quiz Lab
Recent
Popular Today
Quiz Kudos Today
Editor Picks
Curator Picks
Quizzes by...
Day
Popularity
Type
Ratings
Length
Year
Community
Subscriptions
Recent Discussions
Orange Saloon
Badges
Playlists
Quests
Create
Leaderboards
Showdown
Live 5
Trivia Bingo
Activity
Puzzle Library
Sporcle Events
Private Events
Virtual Trivia
Globe League
Become a Host
Pub Owners
SporcleCon
Opinionation
Our Games
Videos
Blog
Mobile Apps
Partnerships
Remove Ads and Go Orange
Feedback
Science
Computer
Plants
Astronomy
Chemistry
Elements
Math
Animal
Physics
Anatomy
Biology
Geology
General Science
Science
Computer
Plants
Astronomy
Chemistry
Elements
Math
Animal
Physics
Anatomy
Biology
Geology
General Science
Random Quiz
Search Sporcle
×
Quiz Lab
Quiz Lab
Science
Clickable
Select answers by clicking on text or image buttons
Select answers by clicking on text or image buttons
Clickable
Best Score? Go Orange.
Biology Eukaryotic Quiz Stats
Can you pick the Biology Eukaryotic Quiz?
By
syvjohansen
15m
78 Questions
15 Plays
15 Plays
15 Plays
Comments
Comments
Give Quiz Kudos
Give Quiz Kudos
-
- Ratings
hide this ad
Forced Order
Answers have to be entered in order
Answers have to be entered in order
Replay
Link that replays current quiz
Next Quiz
Link to next quiz in quiz playlist
You Got
0%
They Got
Avg Score
36%
Avg Friend Score
Upgrade to see
Score Distribution
Jump to the score distribution portion of the page
Score
0/78
Timer
15:00
0
Plays Today
% Correct
selectively permeable
60%
fluid mosaic model
60%
fluid mosaic model
60%
fluid mosaic model
60%
nucleus
60%
cell wall
60%
polar
53.3%
nonpolar
53.3%
wants
53.3%
cytoplasm
53.3%
nucleus
53.3%
ribosomes
53.3%
Rough ER
53.3%
Smooth ER
53.3%
Smooth ER
53.3%
nuclear pores
53.3%
plant cell
53.3%
doesn't want
46.7%
outward
46.7%
integral proteins
46.7%
Golgi Apparatus
46.7%
lysosome
46.7%
cristae
46.7%
ribosomes
46.7%
Rough ER
46.7%
Smooth ER
46.7%
Cilia and Flagella
46.7%
chloroplast
46.7%
cell membrane
40%
lipids
40%
inward
40%
cytoplasm
40%
cell wall
40%
plastid
40%
Golgi Apparatus
40%
Golgi Apparatus
40%
Golgi Apparatus
40%
Flagella
40%
nuclear matrix
40%
% Correct
nuclear envelope
40%
peripheral proteins
33.3%
cytosol
33.3%
Mitochondrion
33.3%
Smooth ER
33.3%
Cilia
33.3%
Flagella
33.3%
nucleus
33.3%
chloroplast
33.3%
chloroplast
33.3%
33.3%
proteins
26.7%
cytosol
26.7%
ER
26.7%
Smooth ER
26.7%
Microfilaments and microtubules
26.7%
Cilia and flagella
26.7%
Cilia and flagella
26.7%
nucleus
26.7%
vacuole
26.7%
ribosomes
26.7%
ER
26.7%
cell wall
26.7%
vacuole
26.7%
Rough ER
20%
ER
20%
mitochondria
20%
ribosomes
20%
ER
20%
double membrane
20%
chromatin
20%
Nucleolus
20%
plastid
20%
Ribosome
13.3%
Cilia
13.3%
chromatin
13.3%
cellulose
13.3%
plastid
6.7%
RNA
6.7%
Quiz Playlist
Details
Report
Send in Message
Add To Playlist
Clickable:
Select answers by clicking on text or image buttons
Forced Order:
Answers have to be entered in order
Last Updated: Feb 16, 2017
Quiz Scoreboard
CHALLENGE
Sign Up to Join the Scoreboard
Show All
Scores
Hide
Comments
May contain spoilers
Recently Published
1-10 Letter E Words III
by El_Dandy
Language
2m
One Thing in Common: World Cities II
by knightlancer
Geography
7m
Popular People in 1961
by mucciniale
History
6m
More to Explore
Quiz From the Vault
Featured Blog Post
Where Did the Easter Bunny Come From?
hide this ad
You Might Also Like...
Tags
Biology Quiz
Clickable Quiz
Eukaryotic
Today's Top Quizzes in Science
Browse Science
hide this ad
Today's Top Quizzes in Clickable
Browse Clickable
Top Contributed Quizzes in Science
1
One Thing in Common: Science
2
One Thing in Common: Science III
3
Quick Pick: Radians
4
Sporcle Puzzle Hunt: Science
5
Quick Pick: 'CI-CJ' Animals
6
One Thing in Common: Science II
7
Square Numbers Scrambled (1-50)
8
Elements In Images
9
Click the Parts of an Plant Cell
10
Glycolysis
Explore More
Trending Topics
NBA
Marvel
Anime
Kpop
Disney
Harry Potter
Crossword
The Office
Song
WWE
Pokémon
Puzzle
Soccer
NFL
Country
hide this ad
More By:
syvjohansen
Quiz
Plays
Rating
Category
Featured
Created
Who Said It?: Muhammad Ali or Usain Bolt
2,629
4.57
Sports
Aug 28, 2012
Biology Cell Theory Quiz
2,095
3.67
Science
Oct 13, 2012
Biology Microscope Quiz
263
5.00
Science
Oct 13, 2012
NBA Championship Coaches by Year
200
5.00
Sports
May 11, 2016
Women's Cross Country Skiing ELO Top 10 (1982-Present)
179
5.00
Sports
Nov 10, 2022
Go to Creator's Profile
Score Distribution
Quiz Creator Spotlight
syvjohansen
Follow
Send a Message
Quizzes Created
-
Created Quiz Play Count
-
More By This Creator
Popular Quizzes Today
1
Find the US States - No Outlines Minefield
2
Find the Countries of Europe - No Outlines Minefield
3
The Countries of the World
4
Popular People in 1961
5
1-10 Letter E Words III
6
Find the US States
7
One Thing in Common: World Cities II
8
US States
More Science Quizzes
Metamorphic Rock Classification
Quiz Lab
Trending Quizzes
Risky Map Clicking: Least Populous States A-Z
1-10 Letter F Words
1-10 Letter G Words
One Thing in Common: United Kingdom
Risky Map Clicking: Next State Alphabetically
Recently Updated
Leaping Animals
pecheneg
Reality TV Shows (A-Z)
bhenderson79
Rickey Henderson's Hall of Fame Teammates
pecheneg
Champions League XIs: Arsenal
pecheneg
Quick Pick: Celebrities in WWE's Hall of Fame
aduchscher
A-Z Keypad Blitz II
pecheneg
Multiple Oscar Actors
pecheneg
Mystery Phrase Blitz: Oscar 'Best Actors'
pecheneg
F. Scott Fitzgerald Novels
LTH
Pick 3 Villains
ddd62291
Trending Topics
Kpop
Harry Potter
Anime
Marvel
Crossword
NBA
Disney
Country
Pokémon
Puzzle
Song
Soccer
NFL
The Office
WWE
Your Account Isn't Verified!
In order to create a playlist on Sporcle, you need to verify the email address you used during registration. Go to your
Sporcle Settings
to finish the process.
Report this User
Report this user for behavior that violates our
Community Guidelines
.
Details:
Send Report
Go to the Sporcle.com Mobile Site →
Comments